000 01070cam a22003257a 4500
003 CHAP
005 20220329140645.0
008 971013s1984 r 00010 d
010 _a55468
011 _a56440
035 _a60593
040 _cCHAP
090 _aFolleto 10455 (1984)
100 0 0 _aYoung, C. W. T.
_9123206
245 1 4 _aThe external sings of decay in trees
260 _aLondon :
_bHer Majesty's Stationery Office,
_c1984
300 _a11 p.
_b: ilus.
490 0 _aArboricultural leaflet
_v; 1
590 _aBATCH-UPD
_b10
_c20130110
_lUCH01
_h0831
590 _aBATCH-UPD
_b10
_c20130410
_lUCH01
_h0509
590 _aBATCH-UPD
_b10
_c20130914
_lUCH01
_h1848
590 _aCONVERSION
_b10
_c20130109
_lUCH01
_h1330
650 1 4 _aÁrboles
_xEnfermedades.
_982436
650 1 4 _aPudrición de la madera.
_992839
830 0 _aArboricultural leaflet
_v; 1
_96708
901 _aBK
942 _cFOLL
949 _aFolleto 10455 (1984)
_bBC
_cFOLL
_d-130522
_eTS1
_gI.c/e
_i60593
_si
949 _aFolleto 10455 (1984)
_bBC
_cFOLL
_d-130523
_eTS2
_fc.2
_gI.c/e
_i60593
_si
999 _c55468
_d55468